Central Library OPAC University of Rajshahi

কুমারখালীর ভাষার সামাজিক স্তর বিন্যাস / (Record no. 47595)

MARC details
000 -LEADER
fixed length control field 00932nam a2200229 a 4500
001 - CONTROL NUMBER
control field 47595
003 - CONTROL NUMBER IDENTIFIER
rucl marc code BD-RjUL
005 - DATE AND TIME OF LATEST TRANSACTION
control field 20211209054341.0
008 - FIXED-LENGTH DATA ELEMENTS--GENERAL INFORMATION
fixed length control field 160809s2004 bg ||||| |||| 00| 0 ben d
020 ## - INTERNATIONAL STANDARD BOOK NUMBER
International Standard Book Number 9840744237
Terms of availability : Tk. 100.00
035 ## - SYSTEM CONTROL NUMBER
System control number (BD-RjUL)47714
040 ## - CATALOGING SOURCE
Original cataloging agency BD-RjUL
Language of cataloging ben
Transcribing agency BD-RjUL
041 ## - LANGUAGE CODE
Language code of text/sound track or separate title ben
082 ## - DEWEY DECIMAL CLASSIFICATION NUMBER
Edition number 23
Classification number 491.4409
Author mark and year ZAK 2004
100 1# - MAIN ENTRY--PERSONAL NAME
Personal name জাহিদ, জাহাঙ্গীর আলম
9 (RLIN) 120472
245 10 - TITLE STATEMENT
Title কুমারখালীর ভাষার সামাজিক স্তর বিন্যাস /
Statement of responsibility, etc. জাহাঙ্গীর আলম জাহিদ
260 ## - PUBLICATION, DISTRIBUTION, ETC. (IMPRINT)
Place of publication, distribution, etc. ঢাকা :
Name of publisher, distributor, etc. বাংলা একাডেমী,
Date of publication, distribution, etc. ২০০
300 ## - PHYSICAL DESCRIPTION
Pagination ১৭৭ পৃ. ;
Size ২২ সেমি
650 ## - SUBJECT ADDED ENTRY--TOPICAL TERM
Topical term or geographic name as entry element বাংলা ভাষা
Form subdivision ইতিহাস ও সমালোচনা
9 (RLIN) 182715
Topical term or geographic name as entry element Bengal Language
Form subdivision History and Criticism
9 (RLIN) 182716
942 ## - ADDED ENTRY ELEMENTS (KOHA)
Source of classification or shelving scheme Dewey Decimal Classification
Koha item type Books
Holdings
Lost status Source of classification or shelving scheme Damaged status Not for loan Collection code Permanent Location Current Location Shelving location Date acquired Source of acquisition Cost, normal purchase price Total Checkouts Full call number Date last seen Copy number Koha item type
  Dewey Decimal Classification   Not For Loan Non-fiction Central Library, University of Rajshahi Central Library, University of Rajshahi Reading Room 31/07/2012 Dhaka,Bangla Academy 100.00   B 491.4409 ZAK 2004 09/08/2016 C-1 Books
  Dewey Decimal Classification     Non-fiction Central Library, University of Rajshahi Central Library, University of Rajshahi   31/07/2012 Bangla Academy, Dhaka 100.00   B 491.4409 ZAK 2004 07/05/2017 C-2 Books